| 000 | 00457nam a2200205Ia 4500 | ||
|---|---|---|---|
| 008 | 210210b1958 xxu||||| |||| 00| 0 eng d | ||
| 041 | _aeng | ||
| 082 | _a513/156 | ||
| 100 | _aSHANTI NARAYAN | ||
| 245 | _aText book od vector calculus | ||
| 260 |
_aDelhi _bS. Chand & Co. Ltd. _c1958 |
||
| 650 | _avector | ||
| 650 | _aText | ||
| 650 | _aod | ||
| 650 | _acalculus | ||
| 650 | _abook | ||
| 690 | _aCalculus | ||
| 700 | _aKAPUR | ||
| 906 | _a007435 | ||
| 999 |
_c139931 _d139931 |
||